Générique Jeanne et Serge - Paroles - Statistiques

Statistiques générales
  • Ce quiz a été pris 177 fois
    37 depuis la dernière actualisation
  • Le résultat moyen est 21 sur 26
Statistiques - réponses
Paroles % Correct
Coup de foudre au match de {volley}-{ball}
100%
Jeanne et {Serge}
100%
Amour dès le premier {regard}
97%
Jeanne et {Serge}
97%
La vie pour {Jeanne} et Serge
91%
Coup de foudre au match de {volley}-{ball}
88%
Jeanne et {Serge}
88%
Jeanne et {Serge}
88%
La vie pour {Jeanne} et Serge
88%
Le garçon qu'elle {aime} beaucoup
88%
Amour dès le premier {regard}
84%
Amour dès le premier {regard}
84%
Coup de foudre au match de {volley}-{ball}
84%
Dans les {yeux} de Serge, Serge, Serge
84%
Jeanne et {Serge}
84%
Jeanne et {Serge}
84%
La vie pour {Jeanne} et Serge
84%
Entre tout à {coup}
81%
Elle sait jouer avec {talent}
69%
Une jeune fille qui a du {punch}
69%
C'est amour et {bonheur}
66%
C'est amour et {bonheur}
66%
C'est amour et {bonheur}
66%
Dans l'équipe il y a {maintenant}
63%
Et pour elle le {monde} est là
56%
Et son coeur est {bondissant}
56%
Aucun quiz correspondant
Distribution des résultats
% des personnes avec chaque résultat
Percentile par nombre de réponses
Votre historique - résultats
Vous n’avez pas pris ce quiz depuis la dernière actualisation